000 01233nam a2200241 i 4500
001 153341
003 ES-MaACL
005 20230906205159.0
008 050728s1734 sp |||| | spa d
100 0 _aUn Ingenio de esta Corte.
_9165743
245 1 0 _aCrisis apologética de el viage y manifiesto de difuntos, explicación de el Príncipe de los Montes y resurrección de la poesía española de Don Gómez Arias /
_cescrita por Un Ingenio de esta Corte.
260 _aEn Madrid :
_ben la imprenta de D. Pedro Joseph Alonso y Padilla, librero de Camara ... :
_bse hallará en casa de Luis Gutierrez, calle de la Montera,
_c[1734]
300 _a[16], 40 p. :
_bil. ;
_c14 cm.
530 _aDisponible en formato digital.
594 _aEn la censura y la licencia consta que el autor es Gómez Arias.
596 _aFecha de la fe de erratas, 1734.
597 _aSign.: ¶\8s, A-B8, C4.
597 _aIl. xil. en última p.
600 1 4 _aArias, Gomez.
_9125699
650 4 _aPoesía española-
_yS.XVIII.
_9165841
852 _aES-MaACL
_jR-535(2)
_z- Enc. piel, no original de la época
_x Olim: G-518
856 _uhttps://bvpb.mcu.es/es/consulta/registro.do?id=577762
_zBiblioteca Virtual del Patrimonio Bibliográfico
999 _c153341
_d153341